=LDR 00000nam 2200000 4500 =001 NUTBA000000000002818 =005 20140701120235.0 =006 =007 =008 =035 ##$$a 0010-071400000000006 =082 ##$$a 813 =090 ##$$a 813 $b cov d =100 ##$$a bruce coville $t dragon hatcher =245 ##$$a dragon hatcher =260 ##$$a Jakarta $b penerbit matahari $c 2007 =300 ##$$a 196 hlm $c 20 cm =850 ##$$a NBPBMAT =990 ##$$a 21400613/BPAP-NTB/20142014